MDQL
is popping MORE tags! Check the
thread
!
Quizzes
Events
Quiz Creation
Community
Videos
Private Events
Remove Ads
Sign In
Join for FREE
Feedback
Dark Mode
Quiz Categories
Sports
Geography
Music
Movies
Television
Just For Fun
Miscellaneous
History
Literature
Language
Science
Gaming
Entertainment
Religion
Holiday
For Kids
Quiz Lab
Recent
Popular Today
Quiz Kudos Today
Editor Picks
Curator Picks
Quizzes by...
Day
Popularity
Type
Ratings
Length
Year
Community
Subscriptions
Recent Discussions
Orange Saloon
Badges
Playlists
Quests
Create
Leaderboards
Showdown
Live 5
Trivia Bingo
Activity
Puzzle Library
Sporcle Events
Private Events
Virtual Trivia
Globe League
Become a Host
Pub Owners
SporcleCon
Opinionation
Our Games
Videos
Blog
Mobile Apps
Partnerships
Remove Ads and Go Orange
Feedback
Miscellaneous
Crossword
General Knowledge
Baby Names
Logo
Food
Cars
Numbers
Grab Bag
University
College
Popular
Company
Slogans
Restaurants
Justice
Letter
Miscellaneous
Crossword
General Knowledge
Baby Names
Logo
Food
Cars
Numbers
Grab Bag
University
College
Popular
Company
Slogans
Restaurants
Justice
Letter
Random Quiz
Search Sporcle
×
Quiz Lab
Quiz Lab
Miscellaneous
train
Type in answers that appear in a list
Type in answers that appear in a list
Classic
Best Score? Go Orange.
Subway/Metro Systems by Rolling Stock Stats
Can you name the Subway/Metro Systems by Rolling Stock?
By
j4lambert
20m
30 Questions
77 Plays
77 Plays
77 Plays
Comments
Comments
Give Quiz Kudos
Give Quiz Kudos
-
- Ratings
hide this ad
Replay
Link that replays current quiz
Next Quiz
Link to next quiz in quiz playlist
You Got
0%
They Got
Avg Score
51%
Avg Friend Score
Upgrade to see
Score Distribution
Jump to the score distribution portion of the page
Score
0/30
Timer
20:00
0
Plays Today
Rolling Stock Class
System/City
% Correct
R142
New York City Subway
87%
MF01
Paris Metro
85.7%
D78
London Underground
77.9%
81/
717-
714
Moscow Metro
75.3%
16000 series
Tokyo Metro
74%
HK
Berlin U-Bahn
72.7%
SP1900
Hong Kong MTR
68.8%
DKZ6
Beijing Subway
59.7%
MPM-
10
Montreal Metro
55.8%
T1
Toronto Subway
55.8%
C751B
Singapore MRT North East Line
51.9%
AC-
01
Shanghai Metro
51.9%
FE-
10
Mexico City Metro
50.6%
S300
Rome Metro
50.6%
A650
Los Angeles Metro
50.6%
Rolling Stock Class
System/City
% Correct
C20
Stockholm Metro
49.4%
01800 series
Boston
48.1%
30000 series
Osaka Municipal Subway
46.8%
9000 series
Barcelona Metro
46.8%
Mark III
Vancouver SkyTrain
45.5%
VAL 208
Lille
40.3%
MX3000
Oslo Metro
40.3%
PA-
5
Port Authority Trans-Hudson
40.3%
DT5
Hamburg U-Bahn
36.4%
C371
Taipei Metro
35.1%
NS-
2012
Santiago Metro
35.1%
M-
4
Market-Frankford Line
35.1%
AM4-
M4
Budapest Metro
32.5%
B07
Docklands Light Railway
32.5%
DT3
Nuremberg
15.6%
Quiz Playlist
Details
Report
Send in Message
Add To Playlist
Classic:
Type in answers that appear in a list
Last Updated: Feb 16, 2017
Quiz Scoreboard
CHALLENGE
Sign Up to Join the Scoreboard
Show All
Scores
Hide
Comments
May contain spoilers
Recently Published
5x2 Blitz: Bands
by SL_Kpop136
Music
30s
Colored Red Africa Blitz
by spor1
Geography
30s
Find the 'City' Movie
by crazypaving
Movies
60s
More to Explore
Quiz From the Vault
Featured Blog Post
14 Easter Pick-up Lines to Find Eggs With
hide this ad
You Might Also Like...
Tags
metro
Subway
Subway Systems
train
Today's Top Quizzes in Miscellaneous
Browse Miscellaneous
hide this ad
Today's Top Quizzes in train
Browse train
Top Contributed Quizzes in Miscellaneous
1
The JOE quick-fire general knowledge quiz: Day 174
2
5-to-1: Fast Food
3
9x9 Crossword: Disney Movie Titles
4
9x9 Crossword: Charlie and the Chocolate Factory
5
9x9 Crossword: Actors
6
9x9 Crossword: 2022 Movies
7
9x9 Crossword: The Simpsons
8
9x9 Crossword: Pixar Movie Titles
9
The JOE quick-fire general knowledge quiz: Day 173
10
9x9 Crossword: Flags
Explore More
Trending Topics
Anime
Crossword
Kpop
NBA
Harry Potter
Disney
Marvel
NFL
Soccer
WWE
Puzzle
Country
The Office
Song
Pokémon
hide this ad
More By:
j4lambert
Quiz
Plays
Rating
Category
Featured
Created
Subway/Metro Systems by Rolling Stock
77
5.00
Miscellaneous
Nov 27, 2016
Go to Creator's Profile
Score Distribution
Quiz Creator Spotlight
j4lambert
Follow
Send a Message
Quizzes Created
-
Created Quiz Play Count
-
More By This Creator
Popular Quizzes Today
1
Colored Red Africa Blitz
2
Find the US States - No Outlines Minefield
3
Find the 'City' Movie
4
5x2 Blitz: Bands
5
The Countries of the World
6
Find the US States
7
US States
8
Find the Countries of Europe - No Outlines Minefield
More Miscellaneous Quizzes
Crossword: The Whole Nine Yards
Editor's Pick
Trending Quizzes
Colored Red Europe Blitz I
Colored Red Europe Blitz II
Colored Red Africa Blitz II
Colored Red Europe Blitz III
Colored Red Africa Blitz III
Recently Updated
How Do You Spell That?
pecheneg
Godzilla Movies
pecheneg
Grab Bag: 4-10 Letters
pecheneg
2024 March Madness Bracket
pecheneg
Famous TV Couples
Peacemaker
Champions League XIs: Real Madrid
pecheneg
Largest US Cities 1790-2010
pecheneg
Rides in Walt Disney World
pecheneg
Most Oscar Losses (Acting)
pecheneg
Beyoncé Albums
pecheneg
Trending Topics
Marvel
Anime
Crossword
Harry Potter
Kpop
NBA
Disney
Soccer
WWE
Song
Pokémon
Country
NFL
Puzzle
The Office
Your Account Isn't Verified!
In order to create a playlist on Sporcle, you need to verify the email address you used during registration. Go to your
Sporcle Settings
to finish the process.
Report this User
Report this user for behavior that violates our
Community Guidelines
.
Details:
Send Report
Go to the Sporcle.com Mobile Site →
Comments